KOHA-Header-6

Caculus With Analytic Geometry (Record no. 9159)

000 -LEADER
fixed length control field 00273nam a2200109Ia 4500
100 ## - MAIN ENTRY--AUTHOR NAME
Personal name S.M.Yousr,Dr.
245 #0 - TITLE STATEMENT
Title Caculus With Analytic Geometry
260 ## - PUBLICATION, DISTRIBUTION, ETC. (IMPRINT)
Place of publication New Delhi
Name of publisher Bantam Books Inc
Year of publication 2002
300 ## - PHYSICAL DESCRIPTION
Number of Pages 1080
942 ## - ADDED ENTRY ELEMENTS (KOHA)
Koha item type Books
Holdings
Withdrawn status Lost status Collection code Permanent Location Current Location Shelving location Date acquired Full call number Accession Number Koha item type
    Calculus MAJU MAJU Shelf No.A27 2019-09-14 621.3 4550 Calculus

Powered by Koha